Subject headings; (Record no. 53148)
[ view plain ]
| 000 -LEADER | |
|---|---|
| fixed length control field | 00629cam a22002171 4500 |
| 001 - CONTROL NUMBER | |
| control field | sa 62001088 |
| 003 - CONTROL NUMBER IDENTIFIER | |
| control field | DLC |
| 005 - DATE AND TIME OF LATEST TRANSACTION | |
| control field | 20260227111917.0 |
| 008 - FIXED-LENGTH DATA ELEMENTS--GENERAL INFORMATION | |
| fixed length control field | 801121s1962 ii 000 0 eng |
| 010 ## - LIBRARY OF CONGRESS CONTROL NUMBER | |
| LC control number | sa 62001088 |
| 035 ## - SYSTEM CONTROL NUMBER | |
| System control number | (OCoLC)6964711 |
| 040 ## - CATALOGING SOURCE | |
| Original cataloging agency | DLC |
| Transcribing agency | LU |
| Modifying agency | DNLM |
| -- | DLC |
| 042 ## - AUTHENTICATION CODE | |
| Authentication code | premarc |
| 050 00 - LIBRARY OF CONGRESS CALL NUMBER | |
| Classification number | Z695 |
| Item number | .S2 |
| 060 0# - NATIONAL LIBRARY OF MEDICINE CALL NUMBER | |
| Classification number | Z 695 |
| Item number | S132s 1962 |
| 100 1# - MAIN ENTRY--PERSONAL NAME | |
| Personal name | Saifuddin, Muhammad Abdul Haseeb, |
| Dates associated with a name | 1923- |
| 245 10 - TITLE STATEMENT | |
| Title | Subject headings; |
| Remainder of title | a list with colon and Dewey decimal classification numbers. |
| 260 ## - PUBLICATION, DISTRIBUTION, ETC. | |
| Place of publication, distribution, etc. | Hyderabad, |
| Name of publisher, distributor, etc. | Apex Books Concern, |
| Date of publication, distribution, etc. | 1962. |
| 300 ## - PHYSICAL DESCRIPTION | |
| Extent | 128 p. |
| Dimensions | 25 cm. |
| 650 #0 - SUBJECT ADDED ENTRY--TOPICAL TERM | |
| Topical term or geographic name entry element | Subject headings. |
No items available.